Edipo rey
Zapisane w:
| 1. autor: | |
|---|---|
| Format: | Książka |
| Język: | hiszpański |
| Wydane: |
Santiago
Ediciones del Sur
2007
|
| Seria: | Clásicos Escolares
|
| Hasła przedmiotowe: | |
| Etykiety: |
Dodaj etykietę
Nie ma etykietki, Dołącz pierwszą etykiete!
|
MARC
| LEADER | 00000nam a2200000 a 4500 | ||
|---|---|---|---|
| 001 | UCH9587 | ||
| 003 | CL-VaPUC | ||
| 008 | 100114e20070000CL |||||||||||||||||spa|d | ||
| 020 | |a 9789568643058 | ||
| 082 | 0 | 4 | |a 882 |b SOF |2 21 |
| 100 | |a Sófocles |e autor |9 269407 | ||
| 245 | 1 | 0 | |a Edipo rey |
| 300 | |a 95 p | ||
| 942 | |c BK | ||
| 945 | |d 20100114 00:00:00 |a dcastane | ||
| 260 | |a Santiago |b Ediciones del Sur |c 2007 | ||
| 650 | 0 | |a Tragedia griega |9 265362 | |
| 583 | |a last modification |c 20100114 00:00:00 |k Rodrigo Vera | ||
| 490 | 0 | |a Clásicos Escolares | |
| 999 | |c 339508 |d 339506 | ||